[Event "GER-ch U10"]
[Site "Oberhof"]
[Date "2012.06.01"]
[Round "9"]
[White "Giss, Alexander"]
[Black "Hasenburg, Juliana"]
[Result "1-0"]
[WhiteElo "877"]
[BlackElo "776"]
[PlyCount "85"]
[EventDate "2012.05.27"]
[EventType "swiss"]
[EventRounds "11"]
[EventCountry "GER"]
[SourceTitle "CBM 148 Extra"]
[Source "ChessBase"]
[SourceDate "2012.06.22"]
[SourceVersion "1"]
[SourceVersionDate "2012.06.22"]
[SourceQuality "1"]

1. e4 e5 2. Nf3 Nc6 3. Bc4 Bc5 4. d3 d6 5. h3 Be6 6. Bb3 Qd7 7. Nc3 0-0-0 8. Bg5 f6 9. Be3 Bxe3 10. fxe3 Nge7 11. 0-0 g5 12. d4 g4 13. Bxe6 Qxe6 14. d5 Qd7 15. dxc6 Nxc6 16. Nh2 gxh3 17. g4 Rhg8 18. Nd5 Qg7 19. Nxf6 Rgf8 20. Nh5 Qg6 21. Ng3 Qh6 22. Nf5 Rxf5 23. exf5 Qxe3+ 24. Rf2 Qg3+ 25. Kf1 e4 26. Qd2 e3 27. Rf3 Qg2+ 28. Qxg2 hxg2+ 29. Kxg2 Nd4 30. Re1 Nxf3 31. Nxf3 h5 32. gxh5 Rg8+ 33. Kf1 Rg3 34. Rxe3 Rh3 35. f6 Rh1+ 36. Kf2 Rxh5 37. f7 Rf5 38. Re8+ Kd7 39. f8Q Rh5 40. Qf7+ Kc6 41. Qxh5 Kd7 42. Nd4 c5 43. Qf7# 1-0